Social policy : (Record no. 9856)
[ view plain ]
| 000 -LEADER | |
|---|---|
| fixed length control field | 00573nam a22001817a 4500 |
| 003 - CONTROL NUMBER IDENTIFIER | |
| control field | OSt |
| 005 - DATE AND TIME OF LATEST TRANSACTION | |
| control field | 20260424063115.0 |
| 008 - FIXED-LENGTH DATA ELEMENTS--GENERAL INFORMATION | |
| fixed length control field | 260424b |||||||| |||| 00| 0 eng d |
| 020 ## - INTERNATIONAL STANDARD BOOK NUMBER | |
| International Standard Book Number | 0-04-361018-8 |
| 040 ## - CATALOGING SOURCE | |
| Original cataloging agency | OC |
| Transcribing agency | DWC-Main Lib |
| 082 ## - DEWEY DECIMAL CLASSIFICATION NUMBER | |
| Classification number | Circ. 309.2 T538s 1974 |
| 100 ## - MAIN ENTRY--PERSONAL NAME | |
| Personal name | Titmuss, R. |
| 245 ## - TITLE STATEMENT | |
| Title | Social policy : |
| Remainder of title | an introduction |
| 260 ## - PUBLICATION, DISTRIBUTION, ETC. | |
| Place of publication, distribution, etc. | London: |
| Name of publisher, distributor, etc. | George & unwil ltd ; |
| Date of publication, distribution, etc. | c1974. |
| 300 ## - PHYSICAL DESCRIPTION | |
| Extent | 160 pages ; |
| Dimensions | 21 cm. |
| 504 ## - BIBLIOGRAPHY, ETC. NOTE | |
| Bibliography, etc. note | include bibliography and index |
| 942 ## - ADDED ENTRY ELEMENTS (KOHA) | |
| Source of classification or shelving scheme | Dewey Decimal Classification |
| Koha item type | Book Circulation |
| Classification part | Circ. 309.2 T538s 1974 |
| Call number prefix | Circ. |
| Suppress in OPAC | No |
| 952 ## - LOCATION AND ITEM INFORMATION (KOHA) | |
| -- | |
| Withdrawn status | Lost status | Source of classification or shelving scheme | Damaged status | Not for loan | Home library | Current library | Shelving location | Date acquired | Total Checkouts | Full call number | Barcode | Date last seen | Copy number | Price effective from | Koha item type | Uniform Resource Identifier |
|---|---|---|---|---|---|---|---|---|---|---|---|---|---|---|---|---|
| Dewey Decimal Classification | College Library | College Library | Circulation | 04/24/2026 | Circ. 309.2 T538s 1974 | CL24414 | 04/24/2026 | c1 | 04/24/2026 | BK-CIRC |